000 00583cam a2200193 4500500
005 20260405001242.0
041 _afre
042 _adc
100 1 0 _aJoly, Frédéric
_eauthor
245 0 0 _aSlavoj Žižek. « Je hais Mai-68 »
260 _c2012.
500 _a75
690 _aCommunisme
690 _aImbécilité
690 _aPsychanalyse
690 _aSlavoj Žižek
786 0 _nPhilosophie magazine | 57 | 3 | 2012-03-01 | p. 41-43 | 1951-1787
856 4 1 _uhttps://shs.cairn.info/magazine-philosophie-magazine-2012-3-page-41?lang=fr&redirect-ssocas=7080
999 _c2045599
_d2045599